Learn to subtract

Bibliographic Details
Main Author: Baker,Rann
Format: Book
Published: Selangor : Sama Publications , 2004
Series:Mathematics for children series vol.1
Subjects:

MARC

LEADER 00000cam a2200000 7i4500
001 0000005611
005 20220105104012.0
008 070808
020 |a 9679389618 
090 0 0 |a JP   |b MTH ENG (7045) 
100 1 |a Baker,Rann 
245 1 0 |a Learn to subtract   |c Rann,Baker 
260 |a Selangor :   |b Sama Publications ,   |c 2004 
440 0 |a Mathematics for children series vol.1 
500 |a Children age 4-6 years old (yellow) 
650 0 |a Junior preschool   |x English   |x Languages 
650 0 |a Mathematics 
999 |a 0000013400   |b Book   |c Children Collection   |e Cawangan Taman Universiti 
999 |a 0000013401   |b Book   |c Children Collection   |e Cawangan Taman Universiti 
999 |a 0000920770   |b Book   |c Children Collection   |e Cawangan Bukit Gambir 
999 |a 0000920771   |b Book   |c Children Collection   |e Cawangan Bukit Gambir 
999 |a 0000930584   |b Book   |c Children Collection   |e Cawangan Tangkak 
999 |a 0000930585   |b Book   |c Children Collection   |e Cawangan Tangkak 
999 |a 0000930586   |b Book   |c Children Collection   |e Cawangan Tangkak 
999 |a 0000951297   |b Book   |c Children Collection   |e Cawangan Tmn. Ungku Tun Aminah 
999 |a 0000980566   |b Book   |c Children Collection   |e Perbadanan Perpustakaan Awam Johor 
999 |a 0000980567   |b Book   |c Children Collection   |e Perbadanan Perpustakaan Awam Johor 
999 |a 0000980568   |b Book   |c Children Collection   |e Cawangan Bukit Gambir 
999 |a 0000980569   |b Book   |c Children Collection   |e Cawangan Tangkak 
999 |a 0000980570   |b Book   |c Children Collection   |e Perbadanan Perpustakaan Awam Johor 
999 |a 000861630   |b Book   |c Children Collection   |e Cawangan Batu Pahat